Guess the Famous People from their Eyes #39 - Statistics

General Stats
  • This quiz has been taken 69 times
  • The average score is 5 of 16
Answer Stats
Picture Answer % Correct
Gigi Hadid
57%
Malcolm X
57%
Amanda Bynes
52%
Kendrick Lamar
52%
Khloe Kardashian
52%
Rainn Wilson
44%
Patrick Dempsey
41%
Shia LaBeouf
41%
James van Der Beek
35%
Rick Astley
29%
Corbin Bleu
22%
Lea Michele
19%
Lili Reinhart
19%
Rhea Ripley
13%
Michelle Trachtenberg
10%
Deepika Padukone
2%
No matching quizzes found
Score Distribution
Percent of People with Each Score
Percentile by Number Answered
Your Score History
You have not taken this quiz